Digest On Civil Pleadings : Cases And Materials (Record no. 702739)

MARC details
000 -LEADER
fixed length control field 00297nam a2200109Ia 4500
008 - FIXED-LENGTH DATA ELEMENTS--GENERAL INFORMATION
fixed length control field 230627s9999 xx 000 0 und d
041 ## - LANGUAGE CODE
Language code of text/sound track or separate title eng
082 ## - DEWEY DECIMAL CLASSIFICATION NUMBER
Classification number 346.0438
Item number AWA
100 ## - MAIN ENTRY--PERSONAL NAME
Personal name Awasthi S. K
245 ## - TITLE STATEMENT
Title Digest On Civil Pleadings : Cases And Materials
260 ## - PUBLICATION, DISTRIBUTION, ETC.
Place of publication, distribution, etc. Allahabad
Name of publisher, distributor, etc. Law Vision
Date of publication, distribution, etc. 1996
Holdings
Withdrawn status Lost status Damaged status Not for loan Collection Home library Current library Shelving location Date acquired Cost, normal purchase price Total Checkouts Full call number Barcode Date last seen Price effective from Koha item type
        NLP Social Welfare New Law College, Pune New Law College, Pune NLP-Rack No-134 30/03/2000 440.00   346.0438 AWA NLP-NS0192 17/07/2023 17/07/2023 Book